000 00824nam a2200289Ia 4500
003 OSt
005 20221007123726.0
006 a|||||r|||| 00| 0
007 ta
008 221006b |||||||| |||| 00| 0 eng d
020 _a033393685X (pbk)
024 _a8597
037 _bUnilib,
_cTextual
040 _aCDL
_cCDL
_beng
041 _2eng
_aeng
082 _aE:2, P1.3;1
100 _aKapoor K L
_9525196
245 0 _aTextbook of physical chemistry
250 _a2
260 _aDelhi
_bMacmillan
_c2001
490 _vVol.3
500 _aCONTENTS:V 3: Applications of thermodynamics (SI units)(xiv,570p); Appendix 564-565p; Index 567-570p
650 _a Physical
_9297719
650 _aChemistry
942 _hE:2, P1.3;1
_cTEXL
_2CC
999 _c1212387
_d1212387